000 00310nam a22001337a 4500
008 170911b xxu||||| |||| 00| 0 eng d
020 _a9780072329094
041 _aeng
080 _24TH
_a53
100 _a43
101 _aFIZ
245 _aMEASUREMENT BY THE PHYSICAL EDUCATOR
_cMILLER,D.K
942 _2udc
_cBK
999 _c27227
_d27227